000 00469nam a22001697a 4500
003 OSt
005 20210909150124.0
008 210909b |||||||| |||| 00| 0 eng d
020 _a0-02-8413 2
040 _cHawassa University
050 _a589.2012/BES
082 _a589.2012/BES
100 _aBessey,Ernst Athearn
_92727
245 _aMorphology and Taxonomy Of Fungi
260 _aNew York
_bA Division of Macmillan Publishing Co.Inc.
_c1950
942 _2ddc
_cBOOKS
_n0
999 _c3007
_d3007